000 00578nam a22001817a 4500
005 20221115133758.0
040 _curs
050 _aPL 6141 A38 1994
100 _92971
_aAguilar, Celedonio G.
_eauthor
245 _aReadings in Philippine literature
_cCeledonio G. Aguilar
260 _aManila
_bRex Book Store
_c1994
336 _2rdacontent
_atext
_btxt
337 _2rdamedia
_aunmediated
_bnc
338 _2rdacarrier
_avolume
_bn
650 0 _9688
_aPhilippine literature
_vHistory and criticism.
650 0 _9645
_aPhilippine literature
_xStudy and teaching.
942 _2lcc
_cF
999 _c59282
_d59282